| 000 | 00570nam a2200181 i 4500 | ||
|---|---|---|---|
| 001 | 71512 | ||
| 003 | ES-MaACL | ||
| 005 | 20251109134933.0 | ||
| 007 | t| | ||
| 008 | 040812s1963 sp ||||1| spa d | ||
| 100 | 1 |
_aGenicot, Leopold. _956317 |
|
| 245 | 1 | 3 |
_aEl espíritu de la Edad Media / _cLeopold Genicot ; [traducción de Mª Jesús Echevarría]. |
| 260 |
_aBarcelona : _bNoguer, _c[1963] |
||
| 300 |
_a376 p., 23 lám. ; _c25 cm. |
||
| 700 | 1 |
_aEchevarría, María Jesús, _d1932-1963 _946553 |
|
| 852 |
_aES-MaACL _jC-23588 _bR.52143 |
||
| 999 |
_c71512 _d71512 |
||